Riconosci la Stato degli Stati Uniti - Quiz n°10 - Statistics

Statistiche generali
  • Questo quiz è stato fatto 9 volte
  • Il punteggio medio è 6 su 10
Statistiche sulle risposte
Indizio Risposta % Corretto
Iniziale della Capitale L
100%
Popolazione 2 915 918 ab.
75%
Fuso orario UTC-6
75%
Superficie 137 733 km²
63%
Numero stati confinanti 6
63%
Data di istituzione 15 giugno 1836
50%
Altitudine 17 - 839 m s.l.m.
50%
Rappresentanza parlamentare 4 Rappresentanti: 4 R 2 Senatori: John Boozman (R), Tom Cotton (R)
25%
Numero contee 75
25%
Stato federale Arkansas
25%
Nessun quiz corrispondente trovato
Distribuzione punteggi
Percentuale di utenti per punteggio
Percentile per numero di risposta
I tuoi punteggi nel tempo
Non hai fatto questo quiz